<?xml version="1.0" encoding="UTF-8"?>
<record
    xmlns:xsi="http://www.w3.org/2001/XMLSchema-instance"
    xsi:schemaLocation="http://www.loc.gov/MARC21/slim http://www.loc.gov/standards/marcxml/schema/MARC21slim.xsd"
    xmlns="http://www.loc.gov/MARC21/slim">

  <leader>00296    a2200109   4500</leader>
  <datafield tag="020" ind1=" " ind2=" ">
    <subfield code="a">9789991572420</subfield>
  </datafield>
  <datafield tag="100" ind1=" " ind2=" ">
    <subfield code="a">Binmaa Ibrahim Waheed</subfield>
  </datafield>
  <datafield tag="245" ind1=" " ind2=" ">
    <subfield code="a">Vau'dhu </subfield>
  </datafield>
  <datafield tag="260" ind1=" " ind2=" ">
    <subfield code="a">Male Maldives</subfield>
    <subfield code="b">Novelty Printers</subfield>
    <subfield code="c">2014</subfield>
  </datafield>
  <datafield tag="300" ind1=" " ind2=" ">
    <subfield code="a">249 pages</subfield>
    <subfield code="c">;18cm</subfield>
  </datafield>
  <datafield tag="942" ind1=" " ind2=" ">
    <subfield code="c">AD</subfield>
    <subfield code="2">Dewey Decmial Classification</subfield>
    <subfield code="i">WAH</subfield>
    <subfield code="6">WAH</subfield>
  </datafield>
  <datafield tag="952" ind1=" " ind2=" ">
    <subfield code="2">ddc</subfield>
    <subfield code="3">Fast Cataloged Item</subfield>
    <subfield code="9">1890</subfield>
    <subfield code="a">KFPL</subfield>
    <subfield code="b">KFPL</subfield>
    <subfield code="c">DHI</subfield>
    <subfield code="d">2024-09-08</subfield>
    <subfield code="l">2</subfield>
    <subfield code="o">WAH</subfield>
    <subfield code="p">KL-2024-002058</subfield>
    <subfield code="r">2026-02-02 13:13:26</subfield>
    <subfield code="s">2026-01-31</subfield>
    <subfield code="y">AD</subfield>
  </datafield>
  <datafield tag="952" ind1=" " ind2=" ">
    <subfield code="2">ddc</subfield>
    <subfield code="3">Fast Cataloged Item</subfield>
    <subfield code="9">1891</subfield>
    <subfield code="a">KFPL</subfield>
    <subfield code="b">KFPL</subfield>
    <subfield code="d">2024-08-08</subfield>
    <subfield code="l">0</subfield>
    <subfield code="o">WAH</subfield>
    <subfield code="p">KL-2024-002057</subfield>
    <subfield code="r">2024-12-15 17:10:09</subfield>
    <subfield code="y">AD</subfield>
  </datafield>
  <datafield tag="999" ind1=" " ind2=" ">
    <subfield code="c">1408</subfield>
    <subfield code="d">1408</subfield>
  </datafield>
</record>
